000 01074nam a22002537a 4500
999 _c5698
_d5698
001 5698
003 EWU MFN
005 20220228042120.0
008 220216m20101992bg a g 2 000 0 ben d
040 _aBD-DhEWU
_dBD-DhEWU
_beng
_cBD-DhEWU
041 _aben
082 _a630
_2BHU
110 _aকৃষি মন্ত্রণালয়.
_bমৃত্তিকা সম্পদ উন্নয়ন ইনস্টিটিউট.
_925473
245 _aভূমি ও মৃত্তিকা সম্পদ ব্যবহার নির্দেশিকা (নবায়নকৃত) /
_cকৃষি মন্ত্রণালয়.
246 _aBhumi o mrittika sompod bebohar nirdeshika.
260 _aঢাকা :
_bমৃত্তিকা সম্পদ উন্নয়ন ইনস্টিটিউট,
300 _aV.P. ;
_bills. :
_c23 cm
526 _aLibrary
_bLibrary
590 _aNEWAZ
650 _aBangladesh -- Agriculture
_925474
653 _aবাংলাদেশ -- কৃষি
942 _cREF
_2ddc
953 _a0